Middle Earth Chain Quiz - Statistics

General Stats
  • This quiz has been taken 79 times
  • The average score is 16 of 28
Answer Stats
Hint Answer % Correct
Only Elf in the Fellowship: Legolas
89%
Cut the One Ring from Sauron's hand: Isildur
86%
Giant Spider that lived on the borders of Mordor: Shelob
86%
An Ent, also known as Fangorn: Treebeard
86%
One of the Istari, mainly concerned with plants and animals: Radagast
84%
The Deathless, oldest of the Dwarves: Durin
81%
Herald to Gil-galad, leader of Rivendell: Elrond
81%
Brother of Dori: Nori
78%
Wife of Tom Bombadil: Goldberry
76%
Tinuviel: Luthien
73%
The Shipwright, gave Gandalf Narya: Cirdan
70%
Father of Samwise: Hamfast
70%
First King of Rohan: Eorl
62%
'The Chief', son of Lobelia Sackville-Baggins: Lotho
59%
Leader of the Ainur: Manwe
59%
Theoden's father: Thengel
59%
One of the Valar, Giver of Fruits: Yavanna
54%
Was accidentally killed by Turin while rescuing him from Orcs: Beleg
49%
Attacked some of Sharkey's men with an umbrella: Lobelia
49%
The only one of Feanor's seven sons to have fair hair: Celegorm
46%
Youngest sister of Turin: Nienor
46%
Horse of Glorfindel: Asfaloth
38%
Father of Meriadoc Brandybuck: Saradoc
35%
A maiar of Ulmo, and the husband of Uinen: Osse
32%
Only daughter of Fingolfin: Aredhel
30%
Wife of Feanor: Nerdanel
30%
He told Thorin and company that Smaug was defeated: Roac
24%
Went with Turin and Hunthor to slay Glaurung, but fled: Dorlas
14%
No matching quizzes found
Score Distribution
Percent of People with Each Score
Percentile by Number Answered
Your Score History
You have not taken this quiz